|
|
|
|
| LEADER |
00000cam a2200000 7i4500 |
| 001 |
0000299817 |
| 005 |
20241025161120.0 |
| 006 |
### ### |
| 007 |
t |
| 008 |
220623t20132013my o g eng |
| 020 |
|
|
|a 9789834324896
|
| 040 |
|
|
|a MBPJ
|b eng
|c MBPJ
|e rda
|
| 090 |
|
0 |
|a 305.8009595
|b MAL
|
| 245 |
1 |
0 |
|a Malaysian Indigenous Youth in the City
|
| 264 |
|
1 |
|a Subang Jaya :
|b Center For Orang Asli Concerns
|c 2013
|
| 264 |
|
4 |
|c ©2013
|
| 300 |
|
|
|a xvi, 91 pages :
|b photographs ;
|c 19 x 23 cm.
|
| 336 |
|
|
|a still image
|2 rdacontent
|
| 336 |
|
|
|a text
|2 rdacontent
|
| 337 |
|
|
|a unmediated
|2 rdamedia
|
| 338 |
|
|
|a volume
|2 rdacarrier
|
| 650 |
|
0 |
|a Indigenow people
|z Malaysia
|
| 650 |
|
0 |
|a Indogenous people
|z Malaysia
|x Social life and customs
|
| 999 |
|
|
|a 00389570
|b BUKU
|c MALAYSIANA
|e PERPUSTAKAAN KOMUNITI PETALING JAYA
|